Trouvez tous les sons de Ninho - Statistiques

Statistiques générales
  • Ce quiz a été pris 1 281 fois
  • Le résultat moyen est 50 sur 119
Statistiques - réponses
Album Featuring Son % Correct
M.I.L.S X M.I.L.S
83%
Jefe X Jefe
79%
Destin Niska Maman ne le sait pas
78%
Destin X Goutte d'eau
75%
Destin X La vie qu'on mène
75%
Jefe | M.I.L.S 3 X Intro
69%
M.I.L.S 2.0 X M.I.L.S 2.0
69%
M.I.L.S Niska Elle a mal
68%
Comme prévu X Comme prévu
67%
Destin | Jefe X Outro
66%
Comme prévu Nekfeu De l'autre côté
65%
Comme prévu X Rose
65%
Jefe X VVS
64%
M.I.L.S X Dis-moi que tu m'aimes
61%
Destin Koba LaD La vivance
61%
Destin Faouzia Money
61%
M.I.L.S 3 X Lettre à une femme
60%
Comme prévu X Mamacita
60%
NI Central Cee Eurostar
59%
Destin Dadju Jamais
59%
M.I.L.S 3 X M.I.L.S 3
58%
Destin Fally Ipupa À Kinshasa
57%
Comme prévu Hös Dita
56%
M.I.L.S X Malcolm
56%
M.I.L.S 3 Damso Promo
56%
M.I.L.S 3 X Zipette
56%
Comme prévu X Elle m'a eu
55%
M.I.L.S 3 Yaro Le jeu
55%
M.I.L.S 3 (Réédition) X Tout en Gucci
55%
Destin Jul Jusqu'à minuit
54%
Comme prévu Sofiane Laisse pas trainer ton fils
54%
Destin X NI
54%
M.I.L.S X Sourire
53%
M.I.L.S 2.0 X Un poco
53%
M.I.L.S 2.0 X Fendi
52%
Destin X Putana
52%
M.I.L.S 3 X Filon
50%
Comme prévu Gradur Lové
50%
Comme prévu X Roro
49%
M.I.L.S Leto Crésus
48%
NI Ayra Starr No love
48%
Jefe X Aïcha
47%
M.I.L.S 2.0 Yaro 44
46%
M.I.L.S 3 Heuss L'enfoiré Centre commercial
46%
Destin X Tokarev
46%
Destin X Jeune lossa
45%
Destin X Sans peine
45%
Jefe X Sky priority
45%
M.I.L.S 2.0 X Vrais
45%
Comme prévu Alonzo Ce soir
44%
Destin X Paris c'est magique
44%
Jefe X Vérité
44%
M.I.L.S X Monotonie
43%
Jefe X La maison que je voulais
42%
M.I.L.S 3 Griff Every day
41%
M.I.L.S X Soleil
41%
Comme prévu X Chino
40%
M.I.L.S Sadek La Roma
40%
M.I.L.S X Pour nous
40%
Comme prévu X Pourquoi
40%
M.I.L.S 2.0 X Bavard
39%
Comme prévu X Carbozo
39%
Destin X L'ancien
39%
M.I.L.S X Tout ira mieux
39%
Jefe X Arme de poing
37%
M.I.L.S 2.0 X Pavé
37%
Jefe X Mood
36%
M.I.L.S 3 X La puerta
35%
M.I.L.S 2.0 Blasko Toutes options
35%
Jefe X Athéna
34%
Destin X Big Pac
34%
M.I.L.S 2.0 X Bob
33%
Comme prévu X HLM ou Palace
33%
NI X La vie de Johnny
33%
M.I.L.S X Somnambule
33%
Jefe X OG
32%
Jefe X RER D
32%
M.I.L.S 2.0 X Violet
32%
M.I.L.S X Bitch Dab
31%
M.I.L.S 3 (Réédition) X Kitchen
31%
M.I.L.S 3 X Millésimes
31%
M.I.L.S 3 Hös Copperfield Tu sais qu'on est gang
31%
Jefe X YSL
31%
Destin Tito Zéro paluche
31%
NI Omah Lay Bad
30%
NI Lil Baby Blue story
30%
M.I.L.S 3 X En chien
30%
M.I.L.S 3 X Gros vendeurs
30%
M.I.L.S 2.0 X Mama no cry
30%
Jefe X No life
30%
M.I.L.S 3 (Réédition) X Toutes les couleurs
30%
M.I.L.S X TTR
28%
M.I.L.S 3 X Bali
27%
M.I.L.S 2.0 X Coffrer
27%
NI (Extension) X Vinicius
27%
M.I.L.S 2.0 X Chacun son tour
26%
NI X Grands ensembles
26%
M.I.L.S 2.0 X PGP
26%
M.I.L.S 3 (Réédition) X Problèmes du matin
26%
NI X Branché sur snap
25%
NI X 25G
24%
M.I.L.S 3 X C'était le rap
23%
M.I.L.S 3 (Réédition) X Mac 11
23%
NI X Bon qu'à ça
22%
NI X Chiraq
22%
M.I.L.S 3 X Mauvais Djo
22%
M.I.L.S 3 (Réédition) X Privilège
21%
NI X Edouard Nahum
19%
NI X Rich Porter
19%
NI X Yo moko oyebi
19%
NI X Dans la peau
18%
NI (Extension) X Christopher Wallace
16%
NI (Extension) X Griot
16%
NI X Plus qu'eux
16%
NI X Respect
16%
NI (Extension) X Mode S Plus
15%
NI (Extension) X Signes de gang
11%
Aucun quiz correspondant
Distribution des résultats
% des personnes avec chaque résultat
Percentile par nombre de réponses
Votre historique - résultats
Vous n’avez pas pris ce quiz